| 000 | 00834nam a2200253 a 4500 | ||
|---|---|---|---|
| 001 | 76701 | ||
| 003 | BD-RjUL | ||
| 005 | 20211209082856.0 | ||
| 008 | 200126s1962 enka b 001 0 eng | ||
| 035 | _a(BD-RjUL)76925 | ||
| 040 |
_aDLC _cDLC _dDLC _dBD-RjUL _beng |
||
| 041 | _aeng | ||
| 082 | 0 | 0 |
_a660 _223 _bCOC 1962 |
| 100 | 1 |
_aCoulson, J. M. _q(John Metcalfe) _949476 |
|
| 245 | 1 | 0 |
_aChemical engineering / _cJ.M. Coulson and J.F. Richardson. |
| 260 |
_aOxford ; London : _bPergamon Press, _cc1962 |
||
| 260 | _aLondon : | ||
| 300 |
_aV. : _bill. ; _c24 cm. |
||
| 504 | _aIncludes bibliographies and indexes. | ||
| 505 | 0 | _aVol.1. Fluid flow, heat transfer and mass transfer -- v. 2. Unit operations -- v. 3 -- | |
| 650 | 0 |
_aChemical engineering. _949478 |
|
| 700 | 1 |
_aRichardson, J. F. _q(John Francis) _9238355 |
|
| 942 |
_2ddc _cBK |
||
| 999 |
_c76701 _d76701 |
||